| 000 | 00588nam a2200181 i 4500 | ||
|---|---|---|---|
| 001 | 37757 | ||
| 003 | ES-MaACL | ||
| 005 | 20250415191428.0 | ||
| 007 | t| | ||
| 008 | 030221s1891 sp |||| | spa d | ||
| 100 | 1 |
_aCadalso, Fernando. _933372 |
|
| 245 | 1 | 3 |
_aLa mujer en la historia _b: conferencia dada en el Casino de Alcalá de Henares / _cFernando Cadalso y Manzano. |
| 260 |
_a[S.l. : _bs.n., _c1891] ( _eMadrid : _fImp. de L. Góngora) |
||
| 300 | _a1 v. | ||
| 650 | 0 | 4 |
_aMujeres- _xHistoria _915289 |
| 852 |
_aES-MaACL _jT-1290-F-1 |
||
| 999 |
_c37757 _d37757 |
||